Dynamická konverze měn a její podstata
Definícia pojmu Dynamic Currency Conversion (dynamická konverzia mien). Spôsob fungovania služby. Obavy z nedostatku transparentnosti. Využitie DCC v praxi.
Saved in:
| Main Author: | |
|---|---|
| Other Authors: | |
| Format: | Book Chapter |
| Language: | Czech |
| Subjects: | |
| Tags: |
No Tags, Be the first to tag this record!
|
MARC
| LEADER | 00000naa a2200000 4500 | ||
|---|---|---|---|
| 001 | 0258501 | ||
| 005 | 20221104110409.4 | ||
| 041 | 0 | |a cze | |
| 044 | |a CZ | ||
| 245 | 1 | 0 | |a Dynamická konverze měn a její podstata |c Jana Krejčí, Radka Louthanová |
| 520 | |a Definícia pojmu Dynamic Currency Conversion (dynamická konverzia mien). Spôsob fungovania služby. Obavy z nedostatku transparentnosti. Využitie DCC v praxi. | ||
| 610 | 2 | 0 | |a mena |
| 610 | 2 | 0 | |a služby finančné |
| 610 | 2 | 0 | |a karty platobné |
| 610 | 2 | 0 | |a kurz výmenný |
| 100 | 1 | |a Krejčí, Jana | |
| 700 | 1 | |a Louthanová, Radka | |